| 000 | 00362nam a2200145Ia 4500 | ||
|---|---|---|---|
| 008 | 230312s9999||||xx |||||||||||||| ||und|| | ||
| 020 | _a0-07-219460-x | ||
| 082 |
_a658.84 _bRAI-C |
||
| 100 | _aAGI | ||
| 245 | 0 | _aMicrosoft Office 2010 Digital Classroom | |
| 260 |
_bMcgraw Hill _aNew York _c2002 |
||
| 300 | _a468 | ||
| 650 |
_aComputer _vComputer |
||
| 942 | _cBK | ||
| 999 |
_c15569 _d15569 |
||